000 00698nam a2200253Ia 4500
003 OSt
005 20220928101804.0
006 a|||||r|||| 00| 0
007 ta
008 220927b |||||||| |||| 00| 0 eng d
020 _cIndian Rupees 750.00
024 _a69086
037 _bGift, 01/01/2007,
_cTextual
040 _aSDCL
_cSDCL
_beng
041 _2eng
_aeng
082 _aNQ, P7
100 _aAgarwal Shila
_9395155
245 0 _aPaintings of Dr. Bipin Kumar Agarwal
260 _aAllahabad
_bLokbharti Prakashan
_c2007
300 _a127p.
_ccm.
650 _aGift
_9391569
942 _hNQ, P7
_cTEXL
_2CC
999 _c710793
_d710793